<?xml version="1.0" encoding="UTF-8"?>
<record
    xmlns:xsi="http://www.w3.org/2001/XMLSchema-instance"
    xsi:schemaLocation="http://www.loc.gov/MARC21/slim http://www.loc.gov/standards/marcxml/schema/MARC21slim.xsd"
    xmlns="http://www.loc.gov/MARC21/slim">

  <leader>01680nam2a22002651  4500</leader>
  <controlfield tag="001">RU\NLR\INFOCOMM29\5000129477</controlfield>
  <controlfield tag="005">20250617133320.0</controlfield>
  <datafield tag="035" ind1=" " ind2=" ">
    <subfield code="a">(NLR Aleph) 002633632</subfield>
  </datafield>
  <datafield tag="090" ind1=" " ind2=" ">
    <subfield code="a">3723378</subfield>
    <subfield code="c">3723378</subfield>
  </datafield>
  <datafield tag="100" ind1=" " ind2=" ">
    <subfield code="a">20050224d1959    |||y0rusy50      ca</subfield>
  </datafield>
  <datafield tag="101" ind1="0" ind2=" ">
    <subfield code="a">rus</subfield>
  </datafield>
  <datafield tag="102" ind1=" " ind2=" ">
    <subfield code="a">RU</subfield>
  </datafield>
  <datafield tag="105" ind1=" " ind2=" ">
    <subfield code="a">y   ||||000|y</subfield>
  </datafield>
  <datafield tag="200" ind1="1" ind2=" ">
    <subfield code="a">&#x41F;&#x43E;&#x432;&#x44B;&#x448;&#x435;&#x43D;&#x438;&#x435; &#x442;&#x43E;&#x447;&#x43D;&#x43E;&#x441;&#x442;&#x438; &#x438; &#x438;&#x437;&#x43D;&#x43E;&#x441;&#x43E;&#x441;&#x442;&#x43E;&#x439;&#x43A;&#x43E;&#x441;&#x442;&#x438; &#x432;&#x442;&#x443;&#x43B;&#x43E;&#x447;&#x43D;&#x43E;-&#x440;&#x43E;&#x43B;&#x438;&#x43A;&#x43E;&#x432;&#x44B;&#x445; &#x446;&#x435;&#x43F;&#x435;&#x439;</subfield>
    <subfield code="f">&#x41C;.&#x410;. &#x42D;&#x441;&#x442;&#x435;&#x440;&#x43A;&#x438;&#x43D;</subfield>
  </datafield>
  <datafield tag="210" ind1=" " ind2=" ">
    <subfield code="d">1959</subfield>
    <subfield code="a">&#x411;. &#x43C;.</subfield>
  </datafield>
  <datafield tag="225" ind1="1" ind2=" ">
    <subfield code="a">&#x422;&#x435;&#x43C;&#x430; 28. &#x41F;&#x43E;&#x434;&#x44A;&#x435;&#x43C;&#x43D;&#x43E;-&#x442;&#x440;&#x430;&#x43D;&#x441;&#x43F;&#x43E;&#x440;&#x442;&#x438;&#x440;&#x443;&#x44E;&#x449;&#x438;&#x435; &#x43C;&#x435;&#x445;&#x430;&#x43D;&#x438;&#x437;&#x43C;&#x44B; &#x438; &#x441;&#x440;&#x435;&#x434;&#x441;&#x442;&#x432;&#x430; &#x43C;&#x435;&#x445;&#x430;&#x43D;&#x438;&#x437;&#x430;&#x446;&#x438;&#x438; &#x43F;&#x440;&#x43E;&#x438;&#x437;&#x432;&#x43E;&#x434;&#x441;&#x442;&#x432;&#x435;&#x43D;&#x43D;&#x44B;&#x445; &#x43F;&#x440;&#x43E;&#x446;&#x435;&#x441;&#x441;&#x43E;&#x432;</subfield>
    <subfield code="v">&#x2116;5</subfield>
  </datafield>
  <datafield tag="461" ind1=" " ind2="0">
    <subfield code="1">001RU\NLR\INFOCOMM29\5000129270</subfield>
    <subfield code="1">2001#$a&#x41F;&#x435;&#x440;&#x435;&#x434;&#x43E;&#x432;&#x43E;&#x439; &#x43D;&#x430;&#x443;&#x447;&#x43D;&#x43E;-&#x442;&#x435;&#x445;&#x43D;&#x438;&#x447;&#x435;&#x441;&#x43A;&#x438;&#x439; &#x438; &#x43F;&#x440;&#x43E;&#x438;&#x437;&#x432;&#x43E;&#x434;&#x441;&#x442;&#x432;&#x435;&#x43D;&#x43D;&#x44B;&#x439; &#x43E;&#x43F;&#x44B;&#x442;$i&#x41E;&#x440;&#x433;&#x430;&#x43D;&#x438;&#x437;&#x430;&#x446;&#x438;&#x44F; &#x432;&#x43D;&#x443;&#x442;&#x440;&#x438;&#x43F;&#x440;&#x43E;&#x43C;&#x44B;&#x448;&#x43B;&#x435;&#x43D;&#x43D;&#x43E;&#x433;&#x43E; &#x442;&#x440;&#x430;&#x43D;&#x441;&#x43F;&#x43E;&#x440;&#x442;&#x430;$f&#x413;&#x43E;&#x441;. &#x41D;&#x430;&#x443;&#x447;.-&#x442;&#x435;&#x445;&#x43D;. &#x43A;&#x43E;&#x43C;. &#x421;&#x43E;&#x432;&#x435;&#x442;&#x430; &#x41C;&#x438;&#x43D;&#x438;&#x441;&#x442;&#x440;&#x43E;&#x432; &#x420;&#x421;&#x424;&#x421;&#x420;. &#x426;&#x435;&#x43D;&#x442;&#x440;. &#x438;&#x43D;-&#x442; &#x442;&#x435;&#x445;&#x43D;.-&#x44D;&#x43A;&#x43E;&#x43D;. &#x438;&#x43D;&#x444;&#x43E;&#x440;&#x43C;&#x430;&#x446;&#x438;&#x438;$v1959, &#x2116;&#x422;-59-11</subfield>
    <subfield code="9">3722960</subfield>
    <subfield code="c">&#x41C;.</subfield>
    <subfield code="d">1958-</subfield>
    <subfield code="f">&#x413;&#x43E;&#x441;. &#x41D;&#x430;&#x443;&#x447;.-&#x442;&#x435;&#x445;&#x43D;. &#x43A;&#x43E;&#x43C;. &#x421;&#x43E;&#x432;&#x435;&#x442;&#x430; &#x41C;&#x438;&#x43D;&#x438;&#x441;&#x442;&#x440;&#x43E;&#x432; &#x420;&#x421;&#x424;&#x421;&#x420;. &#x426;&#x435;&#x43D;&#x442;&#x440;. &#x438;&#x43D;-&#x442; &#x442;&#x435;&#x445;&#x43D;.-&#x44D;&#x43A;&#x43E;&#x43D;. &#x438;&#x43D;&#x444;&#x43E;&#x440;&#x43C;&#x430;&#x446;&#x438;&#x438;</subfield>
    <subfield code="i">&#x41E;&#x440;&#x433;&#x430;&#x43D;&#x438;&#x437;&#x430;&#x446;&#x438;&#x44F; &#x432;&#x43D;&#x443;&#x442;&#x440;&#x438;&#x43F;&#x440;&#x43E;&#x43C;&#x44B;&#x448;&#x43B;&#x435;&#x43D;&#x43D;&#x43E;&#x433;&#x43E; &#x442;&#x440;&#x430;&#x43D;&#x441;&#x43F;&#x43E;&#x440;&#x442;&#x430;</subfield>
    <subfield code="t">&#x41F;&#x435;&#x440;&#x435;&#x434;&#x43E;&#x432;&#x43E;&#x439; &#x43D;&#x430;&#x443;&#x447;&#x43D;&#x43E;-&#x442;&#x435;&#x445;&#x43D;&#x438;&#x447;&#x435;&#x441;&#x43A;&#x438;&#x439; &#x438; &#x43F;&#x440;&#x43E;&#x438;&#x437;&#x432;&#x43E;&#x434;&#x441;&#x442;&#x432;&#x435;&#x43D;&#x43D;&#x44B;&#x439; &#x43E;&#x43F;&#x44B;&#x442;</subfield>
    <subfield code="v">1959, &#x2116;&#x422;-59-11</subfield>
  </datafield>
  <datafield tag="700" ind1=" " ind2="1">
    <subfield code="a">&#x42D;&#x441;&#x442;&#x435;&#x440;&#x43A;&#x438;&#x43D;</subfield>
    <subfield code="b">&#x41C;.&#x410;.</subfield>
    <subfield code="4">070</subfield>
  </datafield>
  <datafield tag="801" ind1=" " ind2="1">
    <subfield code="a">RU</subfield>
    <subfield code="b">InfoComm</subfield>
    <subfield code="c">20050224</subfield>
  </datafield>
  <datafield tag="801" ind1=" " ind2="0">
    <subfield code="a">RU</subfield>
    <subfield code="b">NLR</subfield>
    <subfield code="g">PSBO</subfield>
  </datafield>
  <datafield tag="852" ind1=" " ind2=" ">
    <subfield code="a">NLR</subfield>
    <subfield code="j">&#x41F;11/1541</subfield>
  </datafield>
  <datafield tag="942" ind1=" " ind2=" ">
    <subfield code="c">ISSUE</subfield>
  </datafield>
  <datafield tag="980" ind1=" " ind2=" ">
    <subfield code="a">NB</subfield>
  </datafield>
  <datafield tag="980" ind1=" " ind2=" ">
    <subfield code="a">RUSPER</subfield>
  </datafield>
</record>
